| 000 | 02089nam a2200349Ia 4500 | ||
|---|---|---|---|
| 999 |
_c41589 _d41589 |
||
| 001 | 8257 | ||
| 003 | GE_BSU | ||
| 005 | 20211126103913.0 | ||
| 008 | 181216s2011||||ge |||||||||||||| ||geo|| | ||
| 020 | _a9789941032813 | ||
| 040 | _cGE_BSU | ||
| 041 | _ageo | ||
| 080 | _a338.48(075.8) მ–59 | ||
| 100 |
_aმეტრეველი, მარინა _913076 |
||
| 245 |
_aტურიზმის ბიზნესი = The tourism business : _b(ინდუსტრია, მენეჯმენტი, მარკეტინგი) / _cმარინა მეტრეველი ; [სარედ. კოლ.: ირინა გოგორიშვილი [და სხვ.] ; თარგმ. ეკატერინე კიკვაძე (რუს., ინგლ.) ; ფოტოგრაფი ავთანდილ მეტრეველი]. |
||
| 250 | _a1-ლი გამოცემა | ||
| 264 |
_aთბილისი : _bშპს "ფავორიტი პრინტი", _c2011. |
||
| 300 |
_a527 გვ.; _bსურ., ცხრ. ; _c20 სმ. |
||
| 500 | _aდანართები: გვ. 445-526. | ||
| 504 | _a ბიბლიოგრ. თავების ბოლოს. | ||
| 541 | _h40ლ. | ||
| 653 | _a ტურიზმის ბიზნესი | ||
| 653 | _aტურიზმის მართვა | ||
| 700 |
_aგოგორიშვილი, ირინა _eრედაქტორი _9850 |
||
| 700 |
_aჯიბუტი, მიხეილ _eრედაქტორი _913077 |
||
| 700 |
_aონოფრიშვილი, დავით _eრედაქტორი _9835 |
||
| 700 |
_aწერეთელი, მარი _eრედაქტორი _913078 |
||
| 700 |
_a კაკულია, ნაზირა _eრედაქტორი _913079 |
||
| 700 |
_aკიკვაძე, ეკატერინე _eმთარგმნელი _912973 |
||
| 700 |
_a მეტრეველი, ავთანდილ _eფოტო _913080 |
||
| 942 |
_cBK _2udc |
||